00333 2200145 4500001002100000005001500021035002000036245004500056100000900101300001200110260003100122082000800153084001400161990001200175INLIS00000000000192520250521021448 a0010-05250002171 aMisteri Gadis Tak Bernama /cS. Mara Gd.0 aMara a297 hlm aJakarta :bGramedia,c2005 a800 a800 MAR m a0713444